书目信息 |
| 题名: |
不羁的灵魂
|
|
| 作者: | 秋山 编著 | |
| 分册: | ||
| 出版信息: | 北京 中国宇航出版社 2006.01 |
|
| 页数: | 170页 | |
| 开本: | 19cm | |
| 丛书名: | 时尚物语 | |
| 单 册: | ||
| 中图分类: | G831.3 , J732.9 | |
| 科图分类: | ||
| 主题词: | 街舞--jie wu--概论 , 健美操--jian mei cao | |
| 电子资源: | ||
| ISBN: | 7-80218-055-4 | |
| 000 | 01039nam 2200277 450 | |
| 001 | 012006797203 | |
| 005 | 20130703150558.54 | |
| 010 | @a7-80218-055-4@dCNY29.80 | |
| 100 | @a20060618d2006 km y0chiy0120 ea | |
| 101 | 0 | @achi |
| 102 | @aCN@b110000 | |
| 105 | @aa z 000yy | |
| 200 | 1 | @a不羁的灵魂@Abu ji de ling hun@e街舞必读之全档案@f秋山编著@Fqiu shan bian zhu |
| 210 | @a北京@c中国宇航出版社@d2006.01 | |
| 215 | @a170页@c图@d19cm | |
| 225 | 2 | @a时尚物语@Ashi shang wu yu |
| 330 | @a本书介绍了街舞的概念,街舞的发展历史和文化渊源,街舞的主要派系、风格和种类,街舞的动作特点,以及街舞所代表的精神内涵;对如何跳街舞,及舞者的着装等方面进行了介绍和指导;该书还回顾了街舞在日本、韩国、中国等东亚国家的现状和发展历程。 | |
| 410 | 0 | @12001 @a时尚物语 |
| 517 | 1 | @a街舞必读之全档案@Ajie wu bi du zhi quan dang an |
| 606 | 0 | @a街舞@Ajie wu@x概论 |
| 606 | 0 | @a健美操@Ajian mei cao |
| 690 | @aG831.3@v4 | |
| 690 | @aJ732.9@v4 | |
| 701 | 0 | @a秋山@Aqiu shan@4编著 |
| 801 | 0 | @aCN@bQSSK@c20060919 |
| 905 | @a10447@dG831.3@eQ759 | |
| 不羁的灵魂:街舞必读之全档案/秋山编著.-北京:中国宇航出版社,2006.01 |
| 170页:图;19cm.-(时尚物语) |
| ISBN 7-80218-055-4:CNY29.80 |
| 本书介绍了街舞的概念,街舞的发展历史和文化渊源,街舞的主要派系、风格和种类,街舞的动作特点,以及街舞所代表的精神内涵;对如何跳街舞,及舞者的着装等方面进行了介绍和指导;该书还回顾了街舞在日本、韩国、中国等东亚国家的现状和发展历程。 |
| ● |
| 相关链接 |
|
|
|
正题名:不羁的灵魂
索取号:G831.3/Q759
 
预约/预借
| 序号 | 登录号 | 条形码 | 馆藏地/架位号 | 状态 | 备注 |
| 1 | 491560 | 204915609 | 社科二线422/409社科库 22排2列1层/ [索取号:G831.3/Q759] | 在馆 | |
| 2 | 588900 | 205889001 | 社科库409/409社科库 22排2列1层/ [索取号:G831.3/Q759] | 在馆 | |
| 3 | 588901 | 205889010 | 社科二线422/409社科库 22排2列1层/ [索取号:G831.3/Q759] | 在馆 | |
| 4 | 588902 | 205889029 | 社科库409/409社科库 22排2列1层/ [索取号:G831.3/Q759] | 在馆 |